[Event "Mechanics' Spring TNM; G/2"]
[Site "San Francisco"]
[Date "2015.03.31"]
[Round "3.43"]
[White "Gupta, Vishrut"]
[Black "Kondakov, Adrian"]
[Result "0-1"]
[WhiteElo "1547"]
[BlackElo "1251"]
[PlyCount "94"]
[EventDate "2015.??.??"]

1. e4 e6 2. d4 d5 3. exd5 exd5 4. Nf3 Bd6 5. Bd3 Nf6 6. O-O O-O 7. Bg5 Bg4 8.
Nbd2 h6 9. Bh4 c6 10. b3 Nbd7 11. c4 Qc7 12. Qc2 Rfe8 13. Bg3 Bxg3 14. fxg3 Re3
15. Rae1 Rae8 16. Kf2 Rxe1 17. Rxe1 Rxe1 18. Kxe1 c5 19. Kf2 cxd4 20. Nxd4 Qc5
21. Qc3 Ne5 22. Kf1 Nxd3 23. Qxd3 dxc4 24. Qxc4 Qa5 25. b4 Qe5 26. N2f3 Qe3 27.
Qe2 Qc3 28. Qd2 Qa1+ 29. Ne1 Ne4 30. Qe3 Nd6 31. Qf4 Nc4 32. Ndc2 Qf6 33. Qxf6
gxf6 34. h3 Bd1 35. Kf2 Kf8 36. Ne3 Nxe3 37. Kxe3 Ke7 38. Nd3 Ke6 39. Nf2 Bh5
40. Ke4 f5+ 41. Kf4 Bg6 42. Nd1 Kd5 43. Ne3+ Ke6 44. g4 fxg4 45. Nxg4 Kd5 46.
Ke3 h5 47. Nf2 Kc4 {White lost on time.} 0-1

[Event "Mechanics' Winter TNM; 30/90, SD/30"]
[Site "San Francisco"]
[Date "2015.01.27"]
[Round "4.36"]
[White "Gupta, Vishrut"]
[Black "Nyangar, Enkhmaa"]
[Result "0-1"]
[WhiteElo "1547"]
[BlackElo "1663"]
[PlyCount "44"]
[EventDate "2015.??.??"]

1. e4 e5 2. Nf3 Nc6 3. Bb5 a6 4. Bxc6 bxc6 5. O-O d6 6. d4 exd4 7. Qxd4 Nf6 8.
Bg5 Be7 9. Re1 O-O 10. Nc3 h6 11. Bf4 Rb8 12. b3 c5 13. Qd3 Bb7 14. Rac1 Nh5
15. Qe3 Nxf4 16. Qxf4 Re8 17. Nd5 Bf8 18. Nh4 c6 19. Ne3 d5 20. Nhf5 Rxe4 21.
Qg3 Re6 22. Ng4 Rg6 {Black won shortly.} 0-1

[Event "Mechanics' Summer TNM; G/2"]
[Site "San Francisco"]
[Date "2015.06.02"]
[Round "2.33"]
[White "Gupta, Vishrut"]
[Black "Robertson, Guy R"]
[Result "1-0"]
[WhiteElo "1613"]
[BlackElo "1461"]
[PlyCount "59"]
[EventDate "2015.??.??"]

1. e4 c5 2. Nc3 d6 3. f4 e6 4. Nf3 Ne7 5. Bb5+ Nbc6 6. O-O g6 7. d3 Bg7 8. Qe1
O-O 9. Qh4 a6 10. Bxc6 Nxc6 11. Qh3 Nd4 12. Rf2 b5 13. Ng5 h6 14. Nf3 b4 15.
Nd1 a5 16. Ne3 a4 17. Rb1 Nxf3+ 18. Rxf3 h5 19. g4 h4 20. g5 f6 21. Ng4 fxg5
22. fxg5 Rxf3 23. Qxf3 Bd4+ 24. Be3 Bg7 25. Rf1 Bb7 26. Qf7+ Kh8 27. Qxb7 Bxb2
28. Rf7 Rb8 29. Rh7+ Kg8 30. Qf7# 1-0

[Event "Mechanics' Spring TNM; G/2"]
[Site "San Francisco"]
[Date "2015.04.28"]
[Round "7.22"]
[White "Gupta, Vishrut"]
[Black "Sherwood, Peter"]
[Result "1-0"]
[WhiteElo "1547"]
[BlackElo "1669"]
[PlyCount "121"]
[EventDate "2015.??.??"]

1. e4 c5 2. Nc3 Nc6 3. f4 g6 4. Nf3 Bg7 5. Bc4 e6 6. d3 Nge7 7. Bb5 Nd4 8. O-O
Nxb5 9. Nxb5 d5 10. e5 O-O 11. g4 Bd7 12. Nd6 Bc6 13. Qe1 Nc8 14. Nxc8 Rxc8 15.
Bd2 b5 16. Qg3 f6 17. Qh3 Qe7 18. Rae1 d4 19. exf6 Rxf6 20. Ng5 h6 21. f5 gxf5
22. gxf5 hxg5 23. Bxg5 Rg6 24. fxg6 Qxg5+ 25. Qg3 Qxg3+ 26. hxg3 e5 27. Rf7 a5
28. Ra7 a4 29. Rf1 Be8 30. Ra6 Bh6 31. Rf5 Be3+ 32. Kf1 Kg7 33. Rxe5 Bxg6 34.
Re7+ Kf8 $4 35. Rxe3 dxe3 36. Rxg6 Kf7 37. Rg4 Rh8 38. Rh4 Rd8 39. Ke2 Rd4 40.
c3 Rd8 41. Kxe3 Re8+ 42. Kd2 Kf6 43. Rf4+ Kg5 44. b4 cxb4 45. Rxb4 Re5 46. c4
bxc4 47. dxc4 Kg4 48. Rxa4 Kxg3 49. Kc3 Re4 50. Kb4 Kf4 51. Ra5 Re2 52. a4 Rb2+
53. Kc5 Ke4 54. Rb5 Rc2 55. Kb4 Rb2+ 56. Ka5 Rc2 57. c5 Kd5 58. Kb6 $8 Ke6 59.
a5 Kd7 60. Kb7 Kd8 61. c6 1-0

[Event "Mechanics' Winter TNM; 30/90, SD/30"]
[Site "San Francisco"]
[Date "2015.02.10"]
[Round "6.36"]
[White "Gupta, Vishrut"]
[Black "Simpkins, Jerry"]
[Result "1-0"]
[WhiteElo "1547"]
[BlackElo "1478"]
[PlyCount "115"]
[EventDate "2015.??.??"]

1. e4 e5 2. Nf3 d5 3. exd5 e4 4. Qe2 Nf6 5. d3 Qxd5 6. Nc3 Bb4 7. Bd2 Bxc3 8.
Bxc3 Nbd7 9. O-O-O O-O 10. dxe4 Qxe4 11. Qxe4 Nxe4 12. Bd4 c5 13. Be3 Ndf6 14.
Ng5 Nxg5 15. Bxg5 Ne4 16. Be3 Be6 17. Be2 c4 18. Bf3 f5 19. Bxe4 fxe4 20. Rd4
Rac8 21. Rxe4 Bf5 22. Re7 c3 23. b3 Rf7 24. Rxf7 Kxf7 25. Rd1 b5 26. Rd5 Be4
27. Rd7+ Kg6 28. Bd4 a5 29. Rxg7+ Kh6 30. Ra7 a4 31. bxa4 Rc4 32. Be3+ Kg6 33.
axb5 Rb4 34. f3 Bd5 35. b6 Kf5 36. a4 Ba2 37. Kd1 Bc4 38. a5 Rb1+ 39. Bc1 Bf1
40. Rc7 Rb5 41. b7 Bxg2 42. Ke2 Rb1 43. Be3 Bf1+ 44. Kf2 Ba6 45. b8=Q Rxb8 46.
Rxc3 Rb5 47. Rc5+ Rxc5 48. Bxc5 Kf4 49. Bd6+ Kf5 50. Ke3 Bf1 51. Kd4 Be2 52. f4
Ke6 53. Kc5 h5 54. c4 Bf3 55. a6 Kd7 56. a7 Be4 57. Bb8 Kc8 58. Kd6 1-0

[Event "Mechanics' Spring TNM; G/2"]
[Site "San Francisco"]
[Date "2015.03.17"]
[Round "1.9"]
[White "Gupta, Vishrut"]
[Black "Walder, Michael"]
[Result "0-1"]
[WhiteElo "1547"]
[BlackElo "2143"]
[PlyCount "38"]
[EventDate "2015.??.??"]

1. e4 Nf6 2. Nc3 d5 3. e5 Nfd7 4. d4 e6 5. Nf3 c5 6. Bb5 Nc6 7. Be3 cxd4 8.
Bxd4 Bc5 9. O-O Bxd4 10. Nxd4 Ncxe5 11. f4 Nc6 12. Nxc6 bxc6 13. Bd3 Qb6+ 14.
Rf2 Nc5 15. Qg4 O-O 16. b3 f5 17. Qd1 Ne4 18. Bxe4 fxe4 19. Qd2 e3 0-1

[Event "Mechanics' Spring TNM; G/2"]
[Site "San Francisco"]
[Date "2015.04.07"]
[Round "4.22"]
[White "Gurovich, Roman"]
[Black "Anderson, Michael Gene"]
[Result "1-0"]
[WhiteElo "1603"]
[BlackElo "1900"]
[Annotator "Anderson"]
[PlyCount "93"]
[EventDate "2015.??.??"]

1. d4 f5 2. g3 g6 3. Bg2 Bg7 4. Nf3 Nf6 5. Nc3 O-O 6. Bf4 d6 7. Qd3 c6 8. h3
Na6 9. Nd2 d5 10. Nb3 Nc7 11. Be5 Nce8 12. f4 Nd6 13. O-O-O a5 14. Nc5 b6 $4 {
Black was playing "positional" chess ... not even looking for "tactics"... we
wonder if Roman is a "B" player ... this was a pretty good combo for a 1603
player... Lesson: "one should never ever play the rating"... "one should,
instead "play the position"..."removingtheguard"'} ({After} 14... e6 {
White has absolutely nothing.}) 15. Bxf6 $1 Bxf6 16. Nxd5 $1 {
the point! after cxd5 Bxd5+ the rook falls at a8.} bxc5 17. Nxf6+ Rxf6 18. dxc5
Ba6 19. Qf3 Bb7 $4 {Black plays this move largely out of frustration... he is
not thinking clearly and is caught in a downward spiral of self-recrimination
due to overlooking White's combinaion of 15. Bxf6!.} (19... Rc8) 20. Qb3+ Kg7
21. cxd6 Rb8 22. dxe7 Qxe7 23. Rd2 c5 24. Rhd1 Rf7 25. Bc6 c4 26. Qxc4 Rc8 27.
Qd4+ Kh6 28. Bxb7 Qxb7 29. g4 Rb8 30. c4 a4 31. g5+ Kh5 32. h4 Rc7 33. Rc2 Rbc8
34. e3 Qf3 35. b3 axb3 36. axb3 Re7 37. Re1 Rce8 38. Qd1 Qxd1+ 39. Kxd1 Rb7 40.
Rc3 Reb8 41. Kc2 Kxh4 42. c5 Rc7 43. Kd3 Rb4 44. Ke2 Rc6 45. Rh1+ Kg3 46. Rcc1
Rxf4 47. Rcg1# 1-0

[Event "Mechanics' Spring TNM; G/2"]
[Site "San Francisco"]
[Date "2015.04.28"]
[Round "7.29"]
[White "Gurovich, Roman"]
[Black "Aquino, Pat"]
[Result "1-0"]
[WhiteElo "1603"]
[BlackElo "1514"]
[PlyCount "61"]
[EventDate "2015.??.??"]

1. d4 g6 2. Nc3 d6 3. f3 Bg7 4. e4 f5 5. Bg5 fxe4 6. fxe4 c6 7. Qd2 Qb6 8.
O-O-O Nd7 9. Bc4 Qc7 10. Nh3 h6 11. Bxg8 Rxg8 12. Bxh6 Bf6 13. Bg5 b6 14. Bxf6
Nxf6 15. Ng5 Bg4 16. Rde1 O-O-O 17. h3 Bd7 18. e5 dxe5 19. Rxe5 Rde8 20. Rhe1
Rg7 21. Ne6 Bxe6 22. Rxe6 Qd7 23. Qe2 Nd5 24. Qf3 Kd8 25. Nb1 Rgg8 26. Qe4 Rgf8
27. Rxg6 Rf4 28. Qe5 Kc8 29. Nc3 Rf5 30. Qe6 Rf2 31. Qxc6+ 1-0

[Event "Mechanics' Spring TNM; G/2"]
[Site "San Francisco"]
[Date "2015.05.05"]
[Round "8.19"]
[White "Gurovich, Roman"]
[Black "Gerwin, Gene"]
[Result "0-1"]
[WhiteElo "1603"]
[BlackElo "1910"]
[PlyCount "56"]
[EventDate "2015.??.??"]

1. d4 g6 2. e4 Bg7 3. c4 d6 4. h3 Nc6 5. Nf3 e5 6. d5 Nce7 7. Be3 f5 8. Nc3 Nf6
9. exf5 Nxf5 10. Qd2 Nxe3 11. Qxe3 O-O 12. Bd3 {Diagram [#]} e4 $1 13. Nxe4
Nxe4 14. Bxe4 Re8 15. Nd4 Bxd4 16. Qxd4 Qh4 17. g4 Bxg4 18. Kd2 Bf5 19. f3 Bxe4
20. Rae1 Qg5+ 21. f4 Qxf4+ 22. Kc3 Qf3+ 23. Kd2 Qg2+ 24. Kc3 Qc2+ 25. Kb4 a5+
26. Ka3 Bxh1 27. Re6 Rxe6 28. dxe6 c5 0-1

[Event "Mechanics' Fall TNM; G/2"]
[Site "San Francisco"]
[Date "2015.11.03"]
[Round "3.35"]
[White "Hack, Richard"]
[Black "Boldi, Ethan Vaugh"]
[Result "1/2-1/2"]
[WhiteElo "1670"]
[BlackElo "1458"]
[Annotator "Donaldson"]
[PlyCount "116"]
[EventDate "2015.??.??"]

1. e4 e6 2. d4 d5 3. Nc3 Nf6 4. e5 Ne4 5. Nxe4 dxe4 6. c3 b6 7. Ne2 Bb7 8. h4
c5 9. Be3 Nc6 10. a3 Rc8 11. Ng3 cxd4 12. cxd4 b5 13. Nxe4 Nxe5 14. dxe5 Qxd1+
15. Rxd1 Bxe4 16. Bxb5+ Bc6 17. Rc1 Kd7 18. Bxc6+ Rxc6 19. Rxc6 Kxc6 20. Bxa7
Be7 21. Ke2 Kd5 22. f4 Ke4 23. g3 Rc8 24. Rd1 Rc7 25. Be3 Rc2+ 26. Rd2 Rxd2+
27. Bxd2 Kd4 28. a4 Kc4 29. a5 Kb5 30. Kd3 Bc5 31. Be1 g6 32. b4 Be7 33. Ke4 h5
34. Kf3 f5 35. exf6 Bxf6 36. Ke4 Bg7 37. Kd3 Bf6 38. Bc3 Be7 39. Ke4 Bd6 40.
Kf3 Be7 41. Be1 Bf6 42. g4 Be7 43. gxh5 gxh5 44. Ke4 Bf6 45. f5 e5 46. Bg3 Ka6
47. Bxe5 Bxh4 48. f6 Bg5 49. Kf5 Bxf6 50. Bxf6 Kb5 51. Kg5 Ka6 52. Kxh5 Kb7 53.
Kg5 Ka6 54. Kf5 Kb5 55. Ke5 Ka6 56. Kd5 Kb5 57. Bd8 Ka6 58. b5+ $4 (58. Kc6)
58... Kxb5 1/2-1/2

[Event "Mechanics' Fall TNM; G/2"]
[Site "San Francisco"]
[Date "2015.10.20"]
[Round "1.1"]
[White "Hack, Richard"]
[Black "Critelli, James Ma"]
[Result "0-1"]
[WhiteElo "1670"]
[BlackElo "2376"]
[PlyCount "88"]
[EventDate "2015.??.??"]

1. e4 c5 2. Nf3 d6 3. d4 cxd4 4. Nxd4 Nf6 5. Nc3 a6 6. Bc4 e6 7. O-O Be7 8. Bb3
O-O 9. f4 Nbd7 10. Qf3 Nc5 11. Be3 Qc7 12. f5 b5 13. a3 e5 14. Nde2 Bb7 15.
Bxc5 Qxc5+ 16. Kh1 a5 17. a4 b4 18. Nd5 Nxd5 19. exd5 Ba6 20. Rfd1 Bc4 21. Rac1
Bg5 22. Rb1 Bxb3 23. Qxb3 Rfc8 24. Qg3 Bf6 25. c3 Rab8 26. Qg4 Qc4 27. Qf3 e4
28. Qe3 bxc3 29. bxc3 Qxa4 30. Ra1 Qb5 31. g4 h6 32. Kg2 Qc4 33. Rxa5 Rb2 34.
Rd2 Bg5 35. Nf4 Rxd2+ 36. Qxd2 e3 37. Qxe3 Bxf4 38. Qf2 Be5 39. Ra3 Qxg4+ 40.
Kf1 Rc4 41. Ra8+ Kh7 42. Qc2 Rf4+ 43. Ke1 Qg1+ 44. Ke2 Rf2+ 0-1

[Event "Mechanics' Summer TNM; G/2"]
[Site "San Francisco"]
[Date "2015.06.09"]
[Round "3.26"]
[White "Hack, Richard"]
[Black "Eastham, Asher Dan"]
[Result "0-1"]
[WhiteElo "1699"]
[BlackElo "1433"]
[PlyCount "42"]
[EventDate "2015.??.??"]

1. e4 e5 2. Nf3 Nc6 3. Bb5 a6 4. Ba4 Nf6 5. O-O Nxe4 6. d4 b5 7. Bb3 d5 8. dxe5
Be6 9. c3 Be7 10. Nbd2 Nc5 11. Bc2 O-O 12. Re1 d4 13. Ne4 d3 14. Nxc5 dxc2 15.
Qxc2 Bxc5 16. Ng5 g6 17. Re4 Bf5 18. Qe2 h6 19. Nf3 Bxe4 20. Qxe4 Qd1+ 21. Ne1
Rfe8 0-1

[Event "Mechanics' Spring TNM; G/2"]
[Site "San Francisco"]
[Date "2015.03.31"]
[Round "3.29"]
[White "Hack, Richard"]
[Black "Harris, Clarence"]
[Result "1-0"]
[WhiteElo "1694"]
[BlackElo "1467"]
[PlyCount "59"]
[EventDate "2015.??.??"]

1. e4 e5 2. Nf3 Nc6 3. Bb5 a6 4. Ba4 Nf6 5. O-O Be7 6. Re1 O-O 7. c3 d5 8. Bxc6
bxc6 9. Nxe5 Bb7 10. exd5 cxd5 11. d4 Ne4 12. Bf4 Bh4 13. g3 Bg5 14. Nd3 Bxf4
15. Nxf4 Qf6 16. f3 Nd6 17. Nd2 Rae8 18. Nd3 Rxe1+ 19. Qxe1 Re8 20. Qf2 Nc4 21.
Re1 Rxe1+ 22. Qxe1 Bc6 23. Kf2 Qh6 24. Nf1 Qe6 25. Qxe6 fxe6 26. b3 Nd6 27. Nc5
Bb5 28. Nxe6 c6 29. a4 Bd3 30. Nd8 1-0

[Event "Mechanics' Fall TNM; G/2"]
[Site "San Francisco"]
[Date "2015.11.17"]
[Round "5.32"]
[White "Hack, Richard"]
[Black "Henriques, Keith A"]
[Result "1-0"]
[WhiteElo "1670"]
[BlackElo "140"]
[PlyCount "65"]
[EventDate "2015.??.??"]

1. e4 e5 2. Nf3 Nc6 3. Bb5 Nf6 4. O-O Bd6 5. Re1 O-O 6. c3 Bc5 7. d4 a6 8. Bxc6
bxc6 9. dxc5 d6 10. Bg5 h6 11. Bh4 Be6 12. Nbd2 dxc5 13. Nxe5 Qd6 14. Bxf6 gxf6
15. Ng4 Kg7 16. Ne3 Rab8 17. Ndc4 Qxd1 18. Raxd1 Rbd8 19. f3 Rxd1 20. Rxd1 Rb8
21. b3 Ra8 22. Na5 f5 23. Nxf5+ Bxf5 24. exf5 Re8 25. Kf2 Re5 26. g4 f6 27.
Nxc6 Re8 28. Nd8 Re5 29. Ne6+ Kf7 30. f4 Ke7 31. fxe5 Kf7 32. Rd7+ Ke8 33. Rxc7
1-0

[Event "Mechanics' Spring TNM; G/2"]
[Site "San Francisco"]
[Date "2015.05.05"]
[Round "8.35"]
[White "Hack, Richard"]
[Black "Hilliard, Michael"]
[Result "1-0"]
[WhiteElo "1694"]
[BlackElo "1491"]
[PlyCount "99"]
[EventDate "2015.??.??"]

1. e4 c6 2. d4 d5 3. e5 Bf5 4. Nf3 e6 5. Be2 c5 6. c3 Nc6 7. O-O cxd4 8. cxd4
Bb4 9. a3 Ba5 10. Be3 Nge7 11. b4 Bb6 12. Nc3 a6 13. Na4 Ba7 14. Nc5 Qc7 15.
Rc1 O-O 16. Qd2 f6 17. Bf4 Ng6 18. Bg3 fxe5 19. Nxe5 Ngxe5 20. Bxe5 Qe7 21. Bg3
Bb8 22. Rfe1 Bxg3 23. hxg3 Rf6 24. Bf3 Raf8 25. Bxd5 Qf7 26. Bf3 h5 27. Nxb7
Qxb7 28. Bxc6 Qf7 29. Bf3 Bg4 30. Re3 Bxf3 31. Rxf3 Rxf3 32. gxf3 Qxf3 33. Qe3
Qd5 34. Rc5 Qd7 35. Rxh5 Qf7 36. Re5 Qf3 37. Qxf3 Rxf3 38. Re3 Rf6 39. a4 Kf7
40. b5 axb5 41. axb5 Rf5 42. Re5 Rf3 43. Re3 Rf5 44. Rb3 Rd5 45. b6 Rd8 46. Kg2
Rb8 47. Kf3 Kf6 48. Rb5 Rb7 49. Ke4 g6 50. f4 1-0

[Event "Mechanics' Winter TNM; 30/90, SD/30"]
[Site "San Francisco"]
[Date "2015.02.17"]
[Round "7.17"]
[White "Hack, Richard"]
[Black "Klinetobe, David"]
[Result "0-1"]
[WhiteElo "1694"]
[BlackElo "2008"]
[PlyCount "52"]
[EventDate "2015.??.??"]

1. e4 e6 2. d4 d5 3. Nc3 Bb4 4. e5 c5 5. a3 Bxc3+ 6. bxc3 Ne7 7. h4 Qc7 8. Qd3
b6 9. Qf3 cxd4 10. cxd4 Qxc2 11. Bd2 Nbc6 12. Bb5 Bd7 13. Ne2 Qb2 14. Rc1 Qxb5
15. O-O O-O 16. Rb1 Qa4 17. Bb4 Nxb4 18. Rxb4 Qc2 19. Nf4 Rac8 20. Rb3 Qe4 21.
Qg3 Ng6 22. Rf3 Qxd4 23. Re1 Nxe5 24. Nh5 Nxf3+ 25. gxf3 f5 26. Nf4 Rc4 0-1

[Event "Mechanics' Winter TNM; 30/90, SD/30"]
[Site "San Francisco"]
[Date "2015.01.13"]
[Round "2.15"]
[White "Hack, Richard"]
[Black "Krasnov, Steven"]
[Result "0-1"]
[WhiteElo "1694"]
[BlackElo "2016"]
[PlyCount "92"]
[EventDate "2015.??.??"]

1. e4 b6 2. d4 e6 3. Nf3 Bb7 4. Bd3 c5 5. c3 Be7 6. O-O d6 7. Bf4 Nf6 8. Re1
Nbd7 9. Nbd2 Qc7 10. h3 a6 11. a4 O-O 12. e5 dxe5 13. dxe5 Nd5 14. Bg5 h6 15.
Bxe7 Nxe7 16. Be4 Rad8 17. Bxb7 Qxb7 18. Qe2 Nc6 19. Nc4 Qc7 20. Rad1 b5 21.
axb5 axb5 22. Nd6 b4 23. Nc4 Rb8 24. Rd6 Nb6 25. Red1 Rfd8 26. Rxd8+ Rxd8 27.
Rxd8+ Qxd8 28. Nd6 Nd5 29. Qe4 f5 30. Qc4 Nxe5 31. Nxe5 Qxd6 32. Nd3 bxc3 33.
bxc3 Kf7 34. f4 Ne3 35. Qb5 Qd5 36. Ne5+ Ke7 37. Qe2 Qe4 38. g3 g5 39. Qf3 gxf4
40. Qxe4 fxe4 41. gxf4 Nd5 42. Ng4 h5 43. Nf2 Nxc3 44. Kf1 Kf6 45. Ke1 Kf5 46.
Kd2 Nd5 0-1

[Event "Mechanics' Summer TNM; G/2"]
[Site "San Francisco"]
[Date "2015.05.26"]
[Round "1.29"]
[White "Hack, Richard"]
[Black "Otterbach, Renate"]
[Result "1-0"]
[WhiteElo "1699"]
[BlackElo "1148"]
[Annotator "Donaldson"]
[PlyCount "83"]
[EventDate "2015.??.??"]

1. e4 e6 2. d4 d5 3. Nc3 c5 4. Nf3 Nc6 5. dxc5 Bxc5 6. exd5 Nb4 7. dxe6 Bxe6 8.
Bb5+ Nc6 9. Bxc6+ bxc6 10. Qe2 Ne7 11. O-O O-O 12. Bf4 Ng6 13. Bg3 Bg4 14. Rad1
Qb6 15. Na4 Qa5 16. Nxc5 Qxc5 17. Bd6 Rfe8 18. Qd3 (18. Qxe8+ Rxe8 19. Bxc5)
18... Qh5 19. Rfe1 Rxe1+ 20. Rxe1 Rd8 21. Bb4 Qd5 22. Qxd5 cxd5 23. Nd4 h5 24.
Nc6 Rd7 25. Re8+ Kh7 26. f3 Bf5 27. Nd4 Be6 28. Nxe6 fxe6 29. Rxe6 Rb7 30. Bc3
Rd7 31. g3 h4 32. Bd4 h3 33. Ra6 Rc7 34. c3 Rb7 35. b3 Re7 36. Kf2 Rf7 37. Rxa7
Rf5 38. Rxg7+ Kh6 39. a4 Nf8 40. Re7 Nh7 41. g4 Rf8 42. Bg7+ 1-0

[Event "Mechanics' Fall TNM; G/2"]
[Site "San Francisco"]
[Date "2015.12.08"]
[Round "8.26"]
[White "Hack, Richard"]
[Black "Robertson, Guy R"]
[Result "1-0"]
[WhiteElo "1670"]
[BlackElo "1486"]
[PlyCount "56"]
[EventDate "2015.??.??"]

1. e4 c5 2. Nf3 d6 3. d4 cxd4 4. Nxd4 Nf6 5. Nc3 a6 6. Be2 g6 7. Be3 Bg7 8. f3
Nc6 9. Qd2 O-O 10. O-O-O Nxd4 11. Bxd4 b5 12. g4 b4 13. Nd5 Nxd5 14. exd5 Bb7
15. Bxg7 Kxg7 16. Qxb4 Rb8 17. Qd4+ Kg8 18. h4 Qa5 19. a3 Rfc8 20. Bc4 Rc5 21.
Qd3 Rbc8 22. b4 Qc7 23. bxc5 Qxc5 24. Ba2 Qf2 25. h5 Qg3 26. hxg6 hxg6 27. Qe3
Qe5 28. Qxe5 dxe5 1-0

[Event "Mechanics' Winter TNM; 30/90, SD/30"]
[Site "San Francisco"]
[Date "2015.01.20"]
[Round "3.18"]
[White "Hakobyan, Sos"]
[Black "Allen, Tom"]
[Result "1-0"]
[WhiteElo "1889"]
[BlackElo "1565"]
[Annotator "Donaldson"]
[PlyCount "37"]
[EventDate "2015.??.??"]

1. e4 e5 2. Nf3 Nc6 3. Bc4 Nf6 4. Ng5 Bc5 5. Nxf7 (5. Bxf7+ Ke7 6. Bd5 {
is the preferred theoretical continuation.}) 5... Bxf2+ 6. Kf1 (6. Kxf2 Nxe4+)
6... Qe7 7. Nxh8 Nxe4 $2 (7... d5 $1 8. exd5 Nd4 9. c3 Bg4 10. Qa4+ Nd7 11.
Kxf2 Qh4+ 12. Kf1 O-O-O {and Black is winning.}) 8. Qf3 Nf6 9. Qxf2 d5 10. Bb3
Bd7 11. Nc3 Be6 12. h3 O-O-O 13. d3 Rxh8 14. Bg5 Rf8 15. Nxd5 Bxd5 16. Bxd5 Qb4
17. Bxc6 Ne4 18. Bxe4 Rxf2+ 19. Kxf2 1-0

[Event "Mechanics' Leighton Allen TNM; G/2"]
[Site "San Francisco"]
[Date "2015.09.29"]
[Round "9.6"]
[White "Hakobyan, Sos"]
[Black "Askin, Michael"]
[Result "0-1"]
[WhiteElo "1848"]
[BlackElo "2080"]
[PlyCount "88"]
[EventDate "2015.??.??"]

1. e4 c6 2. d4 d5 3. e5 Bf5 4. Nf3 e6 5. Be2 Nd7 6. O-O Ne7 7. Bg5 Qb6 8. Bxe7
Bxe7 9. b3 O-O 10. c3 c5 11. dxc5 Nxc5 12. Qd4 Qc7 13. b4 Na4 14. Bd3 Bxd3 15.
Qxd3 Rac8 16. Nbd2 Qxc3 17. Qxc3 Rxc3 18. a3 Rfc8 19. Rfb1 Rc2 20. Kf1 f6 21.
Ke1 fxe5 22. Nxe5 Bf6 23. f4 Bxe5 24. fxe5 R8c3 25. Ke2 Nb2 26. Ra2 Nc4 27.
Rxc2 Rxc2 28. Rd1 Nxe5 29. Ke3 Nc4+ 30. Nxc4 Rxc4 31. Rd3 Kf7 32. b5 Kf6 33.
Rb3 b6 34. Kd2 e5 35. Rf3+ Ke6 36. Rh3 Rg4 37. g3 h6 38. Rh5 Ra4 39. g4 Rxg4
40. Rh3 Rg2+ 41. Kc3 d4+ 42. Kc4 Rc2+ 43. Kb4 e4 44. Rh4 Kf5 0-1

[Event "Mechanics' Spring TNM; G/2"]
[Site "San Francisco"]
[Date "2015.04.28"]
[Round "7.17"]
[White "Hakobyan, Sos"]
[Black "Bertot, German"]
[Result "1-0"]
[WhiteElo "1885"]
[BlackElo "1628"]
[Annotator "Winslow,Elliott"]
[PlyCount "64"]
[EventDate "2015.??.??"]

1. e4 e5 2. Nf3 Nc6 3. Bc4 Bc5 4. c3 Nf6 5. d4 exd4 6. cxd4 Bb4+ 7. Nc3 d5 8.
exd5 Nxd5 9. O-O Bxc3 10. bxc3 O-O 11. Qc2 h6 12. Re1 Be6 $2 13. Bd3 $2 (13.
Bxh6 $1 gxh6 $2 14. Rxe6 fxe6 15. Qg6+ Kh8 16. Qxh6+ Kg8 17. Qxe6+ Kg7 18. Bxd5
) 13... Bg4 14. Ne5 Nxe5 15. Rxe5 Re8 16. Rxe8+ Qxe8 17. Bd2 Qd7 18. Rb1 b6 19.
Be4 (19. c4) 19... Re8 20. f3 Nf6 21. Re1 (21. Bd3) 21... Nxe4 22. fxe4 Qd6 (
22... Bh5 $5) 23. e5 Qe6 24. Re3 Bf5 25. Qa4 a5 26. Rg3 Rd8 27. Qb3 Qc6 (27...
Qxb3 $1 28. axb3 Kh7 {surprisingly good for Black}) 28. Rf3 Be6 29. Qc2 $2 (29.
Qb1) 29... Bd5 $2 (29... Rxd4 $1 $19 30. Rg3 g5 (30... Kf8) (30... Re4 31. Bxh6
$4 Qc5+)) 30. Rg3 Be4 31. Qc1 Kh7 32. Qe1 Rd5 $4 1-0

[Event "Mechanics' Spring TNM; G/2"]
[Site "San Francisco"]
[Date "2015.03.17"]
[Round "1.22"]
[White "Hakobyan, Sos"]
[Black "Cheng, Andrew"]
[Result "1-0"]
[WhiteElo "1885"]
[BlackElo "1418"]
[PlyCount "97"]
[EventDate "2015.??.??"]

1. e4 e5 2. Nf3 d6 3. Bc4 Bg4 4. Nc3 Nf6 5. d3 Be7 6. Bg5 O-O 7. Qd2 Bxf3 8.
gxf3 Nh5 9. Bxe7 Qxe7 10. Nd5 Qd8 11. Rg1 c6 12. Ne3 Nf4 13. O-O-O b5 14. Bb3
a5 15. a3 Nd7 16. Nf5 g6 17. d4 Nf6 18. Kb1 a4 19. Ba2 Rc8 20. dxe5 dxe5 21.
Qxd8 Rcxd8 22. Ne7+ Kg7 23. Nxc6 Rxd1+ 24. Rxd1 Re8 25. Rd8 Rxd8 26. Nxd8 Ne2
27. Nxf7 Nd7 28. Nd6 Nd4 29. h3 Kf6 30. c3 Nxf3 31. Bd5 Kg5 32. Nxb5 Nc5 33. c4
Kh4 34. Nc3 Kxh3 35. Nxa4 Nxa4 36. Bc6 Nc5 37. b4 Ne6 38. Bd7 Nfg5 39. a4 Kg2
40. a5 h5 41. a6 h4 42. a7 Nc7 43. b5 Na8 44. c5 h3 45. Bxh3+ Kxh3 46. b6 Nxe4
47. b7 Nc3+ 48. Kc2 Nb5 49. bxa8=Q 1-0

[Event "Mechanics' Winter TNM; 30/90, SD/30"]
[Site "San Francisco"]
[Date "2015.02.10"]
[Round "6.16"]
[White "Hakobyan, Sos"]
[Black "Everett, Willard"]
[Result "1-0"]
[WhiteElo "1889"]
[BlackElo "1673"]
[PlyCount "58"]
[EventDate "2015.??.??"]

1. e4 d5 2. exd5 Qxd5 3. Nc3 Qa5 4. Bc4 Nf6 5. h3 Nc6 6. Nf3 Qh5 7. d4 Bg4 8.
Be3 Bxf3 9. Qxf3 Qxf3 10. gxf3 e6 11. Rg1 O-O-O 12. O-O-O g6 13. a3 Bg7 14. b4
Ng8 15. Ne2 Nge7 16. h4 Nf5 17. Bg5 Rd7 18. d5 Ne5 19. Bb3 Nxf3 20. dxe6 Rxd1+
21. Rxd1 Nxg5 22. hxg5 fxe6 23. Bxe6+ Kb8 24. Rd7 Be5 25. Rd5 Bg7 26. Bxf5 gxf5
27. Rxf5 a6 28. Rf7 Be5 29. f4 Bd6 {and White won on time as Black's flag fell.
} 1-0

[Event "Mechanics' Winter TNM; 30/90, SD/30"]
[Site "San Francisco"]
[Date "2015.02.24"]
[Round "8.18"]
[White "Hakobyan, Sos"]
[Black "Ho, Steve"]
[Result "1-0"]
[WhiteElo "1889"]
[BlackElo "1636"]
[Annotator "Donaldson"]
[PlyCount "79"]
[EventDate "2015.??.??"]

1. e4 Nc6 2. Nc3 Nf6 3. d4 d5 4. e5 Ne4 5. Nxe4 dxe4 6. c3 Bf5 7. g4 Bg6 8. Bb5
a6 9. Ba4 b5 10. Bc2 e6 11. Qe2 Qd5 12. Be3 f5 13. gxf5 exf5 14. Nh3 Ne7 15.
Nf4 Qb7 16. h4 Nd5 17. Nxd5 Qxd5 18. h5 Bf7 19. Bb3 Qd7 20. Bxf7+ Qxf7 21. f3
f4 22. Bg1 e3 23. a3 Be7 24. Rd1 Qf5 25. Qd3 Qg5 26. Kf1 O-O 27. Qe2 Rf5 28.
Qg2 Qh6 29. Qh3 Qe6 30. Rh2 Qc4+ 31. Re2 Rg5 32. Bh2 Rf8 33. d5 Rxe5 34. Rd4
Qa2 35. Bxf4 Qb1+ 36. Kg2 Ref5 37. Bxe3 Bc5 38. Re4 {Diagram [#]} Rxf3 $4 (
38... Bxe3 39. R4xe3 Rg5+ $19) 39. Qe6+ Kh8 40. Bxc5 1-0